L'éditorial (notice n° 1640762)

détails MARC
000 -LEADER
fixed length control field 02215cam a2200169 4500500
005 - DATE AND TIME OF LATEST TRANSACTION
control field 20260201094432.0
041 ## - LANGUAGE CODE
Language code of text/sound track or separate title fre
042 ## - AUTHENTICATION CODE
Authentication code dc
100 10 - MAIN ENTRY--PERSONAL NAME
Personal name Terrel-Salmon, Françoise
Relator term author
245 00 - TITLE STATEMENT
Title L'éditorial
260 ## - PUBLICATION, DISTRIBUTION, ETC.
Date of publication, distribution, etc. 2005.<br/>
500 ## - GENERAL NOTE
General note 68
520 ## - SUMMARY, ETC.
Summary, etc. This article explores the notion of diakonia as the theological foundation of ecclesial identity, based on the intuition of the Dominican theologian Yves Congar, namely: the Church is a people of diakonoi, that is, ministers at the service of one another. Drawing on biblical sources and the teachings of the Second Vatican Council, the article proposes a theology of ministries that is decentralized from ordination, in order to highlight the diversity of ministries stemming from baptism. The author associates this ministerial plurality with synodality, understood as a mode of co-responsibility and participation. Finally, it opens up an avenue based on Martha Nussbaum’s capability approach, suggesting that the Church’s mission is to recognize, support and develop the ministerial potential of every baptized person, in an inclusive and dynamic perspective.
520 ## - SUMMARY, ETC.
Summary, etc. Cet article explore la notion de diakonia comme fondement théologique de l’identité ecclésiale, en s’appuyant sur l’intuition du dominicain Yves Congar : l’Église est un peuple de diakonoi, c’est-à-dire de ministres au service les uns des autres. En croisant les sources bibliques et les enseignements du concile Vatican II, il propose une théologie des ministères décentrée de l’ordination, afin de mettre en valeur la diversité des services issus du baptême. L’auteur associe cette pluralité ministérielle à la synodalité, comprise comme un mode de coresponsabilité et de participation. Enfin, il ouvre une piste à partir de l’approche des capabilités de M. Nussbaum, suggérant que l’Église a pour mission de reconnaître, soutenir, et faire croître les potentialités ministérielles de chaque baptisé, dans une perspective inclusive et dynamique.
786 0# - DATA SOURCE ENTRY
Note Revue Projet | 289 | 6 | 2005-06-01 | p. 1-1 | 0033-0884
856 41 - ELECTRONIC LOCATION AND ACCESS
Uniform Resource Identifier <a href="https://shs.cairn.info/revue-projet-2005-6-page-1?lang=fr&redirect-ssocas=7080">https://shs.cairn.info/revue-projet-2005-6-page-1?lang=fr&redirect-ssocas=7080</a>

Pas d'exemplaire disponible.

PLUDOC

PLUDOC est la plateforme unique et centralisée de gestion des bibliothèques physiques et numériques de Guinée administré par le CEDUST. Elle est la plus grande base de données de ressources documentaires pour les Étudiants, Enseignants chercheurs et Chercheurs de Guinée.

Adresse

627 919 101/664 919 101

25 boulevard du commerce
Kaloum, Conakry, Guinée

Réseaux sociaux

Powered by Netsen Group @ 2025